Fundamentals of physical chemistry

Enregistré dans:
Détails bibliographiques
Auteurs principaux: Maron, Samuel H. (autor), Lando, Jerome B (Auteur)
Format: Livre
Langue:anglais
Publié: Nueva York MacMillan 1974
Sujets:
Tags: Ajouter un tag
Pas de tags, Soyez le premier à ajouter un tag!

MARC

LEADER 00000nam a2200000 a 4500
001 UCU3086
003 CL-VaPUC
008 960502e19740000US |||||||||||||||||eng|d
082 0 4 |a 541.3  |b MAR  |2 21 
100 |a Maron, Samuel H.  |e autor  |9 373108 
700 0 |a Lando, Jerome B  |e author  |9 359795 
245 1 0 |a Fundamentals of physical chemistry 
300 |a 853 p 
942 |c BK 
945 |d 19960502 00:00:00  |a cmena 
260 |a Nueva York  |b MacMillan  |c 1974 
650 0 |a Química física  |9 260596 
650 7 |a FASES LIQUIDAS  |2 CL-VaPUC  |9 337404 
650 7 |a FASES SOLIDAS  |2 CL-VaPUC  |9 359796 
650 0 |a Química nuclear  |9 359797 
650 0 |a Termodinámica   |9 259320 
650 7 |a EQUILIBRIOS QUIMICOS  |2 CL-VaPUC  |9 336637 
650 7 |a REACCIONES FOTOQUIMICAS  |2 CL-VaPUC  |9 358481 
583 |a last modification  |c 19960502 00:00:00  |k Rodrigo Vera 
999 |c 247201  |d 247199